• 首页
  • 本馆介绍
  • 公告通知
  • 最新文献
  • 馆藏检索
  • 电子资源
  • 读者导购
  • 参考咨询
  • 我的图书馆
  • 登录
  • 详细信息显示
  • 放入我的书架
  • 预约/预借图书
  • 作者相关作品
  • 分类相关作品
  • 丛书相关作品
  • 出版社相关作品

书目信息

  • 表格格式
  • 工作单格式
  • 卡片格式
题名:
中国书法大系
    
 
作者: 鲍春艳 主编
分册:   名家写小楷
出版信息: 长春   吉林美术出版社  2014
页数: 127页
开本: 35cm
丛书名:
单 册:
中图分类: J292.21 , J292.33
科图分类:
主题词: 法书--作品集--中国 , 楷书--法帖--中国
电子资源:
ISBN: 978-7-5386-8777-4
000 00694nam0 2200253 450
001 339803
005 20150608154529.71
010    @a978-7-5386-8777-4@dCNY78.00
100    @a20141220d2014 em y0chiy50 ea
101 0  @achi
102    @aCN@b220000
105    @ay z 000yy
106    @ad
200 1  @a中国书法大系@Azhong guo shu fa da xi@i名家写小楷@f鲍春艳主编
210    @a长春@c吉林美术出版社@d2014
215    @a127页@d35cm
304    @a本书无题名页,依封面著录
606 0  @a法书@x作品集@y中国
606 0  @a楷书@x法帖@y中国
690    @aJ292.21@v5
690    @aJ292.33@v5
701  0 @a鲍春艳@Abao chun yan@4主编
801  0 @aCN@b卓展宏图@c20150525
905    @dJ292.21@e551:1@f3
    
    中国书法大系.名家写小楷/鲍春艳主编.-长春:吉林美术出版社,2014
    127页;35cm
    
    
    ISBN 978-7-5386-8777-4:CNY78.00
    
●
相关链接 在E读中查询图书 在五车中查询图书 在当当中查询图书 在豆瓣中查询图书


正题名:中国书法大系     索取号:J292.21/551:1         预约/预借

序号 登录号 条形码 馆藏地/架位号 状态 备注
1 864105   208641059   第一样本阅览室/ [索取号:J292.21/551:1] 在馆    
2 864106   208641068   第一借阅区/ [索取号:J292.21/551:1] 已借出,限还日期为2026.11.15
借出人:李晓化  
 
3 864107   208641077   美术系资料室/ [索取号:J292.21/551:1] 在馆    
唐山师范学院图书馆 欢迎您!
大连网信软件有限公司© 版权所有